000 00253nam a22001217a 4500
008 181205b xxu||||| |||| 00| 0 eng d
041 _aeng
080 _a616
100 _a8
101 _aPAT
245 _aBasic Pathology
_cAngell.R
942 _2udc
_cBK
999 _c52862
_d52862